| 000 | 00738cab a2200241 4500 | ||
|---|---|---|---|
| 001 | WB3424-03 | ||
| 008 | 090401t1998 xxu||||| |||| 00| 0 eng d | ||
| 035 | _a(Sirsi) u86997 | ||
| 041 | _aeng | ||
| 245 | _aStraw houses | ||
| 260 | _c1998 | ||
| 350 | _a0 | ||
| 490 |
_aGuardian _v24 June 1998, 4(1) |
||
| 520 | _aLooks at the use of straw bales as an environmentally friendly and cheap building material. Considers potential obstacles to using this renewable resource for building houses. | ||
| 650 | _aAMAZON NAILS | ||
| 650 | _aGREEN HOUSING | ||
| 650 | _aRENEWABLE RESOURCES | ||
| 650 | _aSTRAW BALES | ||
| 650 | _aSTRAW HOUSES | ||
| 690 | _aBUILT ENVIRONMENT-CONSTRUCTION DESIGN | ||
| 942 | _n0 | ||
| 948 | _c24/06/1998 | ||
| 999 |
_c54799 _d54799 |
||